| 000 | 00559cam a22001571 4500 | ||
|---|---|---|---|
| 082 |
_a624.1 _bKIR _cL-20, P-46 |
||
| 100 | 1 |
_aKirkham, John Edward, _942338 |
|
| 245 | 0 | 0 |
_aStructural engineering, _cby John Edward Kirkham ... |
| 250 | _a2d ed. | ||
| 260 |
_aNew York, _aLondon, _bMcGraw-Hill Book Company, inc., _c1933. |
||
| 300 |
_avii, 161, 161 a-b, 162-759 p. incl. illus., tables, diagrs., forms. _b3 pl. _c24 cm. |
||
| 526 |
_a0 _b0 _c0 _d624_100000000000000_KIR |
||
| 650 | 0 |
_aMCE _9379 |
|
| 650 | 0 |
_aStructural analysis (Engineering) _9654 |
|
| 942 |
_2ddc _cBK |
||
| 999 |
_c546246 _d546246 |
||